LEADER 01237nam a2200301 u 4500 001 000000031266 003 CaOOAMICUS 005 20070226112124.0 008 970930s1952 it ab u000 u lat u 035 $a10771049 040 $aPUL$bita 041 1 $alat$aita 130 0 $aBiblia.$pV.T.$pIosue.$lLatino.$0(OLS)http://pul/title/42979 245 10$aGiosuč /$ca cura di P. Donato Baldi, O.F.M. 260 $aTorino :$bMarietti,$c1952. 300 $axiii, 177 p., [12] p. di tav. :$bill., c. geogr. ;$c25 cm 490 1 $aLa Sacra Bibbia 700 1 $aBaldi, Donato,$cO.F.M.,$d1888-$0(OLS)http://pul/name/617 730 0 $aBiblia.$pV.T.$pIosue.$lItaliano.$0(OLS)http://pul/title/12223 830 3$aLa Sacra Bibbia.$0(OLS)http://pul/title/42981 850 $aPUL 852 $aPUL$W1$xSL Religione 1$y3$m1(7) I 7$j43198$nBK-PRI$b $qStampati$B43198$CPULBib$Z2$F43198 $H $81 852 $aPUL$W1$xDP1 Fondo Dalla Palma$y117$m3 D 28$j166260$qFondi$B195460$CPULBib$Z2$F195460 $HDal1736 $81 941 1 $a1 941 1 $a8 961 $aINV: 18222 996 $6245$aGiosuč$9(OLS)http://pul/title/42980 996 $6260$aTorino :$bMarietti$9(OLS)http://pul/publisher/48186 LEADER 01978nam a2200397 a 4500 001 000000148862 003 CaOOAMICUS 005 20191008192233.0 008 160127s2015 it u000 u ita r 020 $a978-88-311-9437-2* 032 $aLibriCat 040 $aPUL$bita 041 1 $aita$alat 100 0 $aBonaventura,$cs., card.,$dc. 1217-1274.$0(OLS)http://pul/name/5448 240 10$aCommentarius in librum Ecclesiastes.$lItaliano e latino.$0(OLS)http://pul/title/187710 245 10$aCommento al libro dell'Ecclesiaste /$cSan Bonaventura ; a cura di Oronzo Casto. 246 35$aSancti Bonaventurae Commentarius in librum Ecclesiastes 260 $aRoma :$bCittą Nuova,$c2015. 300 $a416 p. ;$c24 cm. 490 1 $aOpere di San Bonaventura =$aSancti Bonaventurae Opera ;$v08 490 1 $aNuova collana bonaventuriana 500 $a"Testo latino dell'edizione Quaracchi [Tom. VI (1893), 3-103]". 504 $aComprende bibliografia e indici. 546 $aTesto in latino con traduzione italiana a fronte. 600 04$aBonaventura,$cs., card.,$dc. 1217-1274$xCritica e interpretazione.$0(OLS)http://pul/subject/3153 700 1 $aCasto, Oronzo.$0(OLS)http://pul/name/85522 800 0 $aBonaventura,$cs., card.,$dc. 1217-1274.$tOpere ;$v08.$0(OLS)http://pul/nameTitle/35$0(OLS)http://pul/name/6115$0(OLS)http://pul/title/5258 830 0$aNuova collana bonaventuriana.$0(OLS)http://pul/title/187713 850 $aPUL 852 $aPUL$W1$xSL Religione 1$y3$m77 A 12.8$j171570$qStampati$B173035$CPULBib$Z2$F173035 $H126897 $81 941 1 $a8 996 $6020$a978-88-311-9437-2*$9(OLS)http://pul/number/159419 996 $6246$aSancti Bonaventurae Commentarius in librum Ecclesiastes$9(OLS)http://pul/title/187711 996 $6245$aCommento al libro dell'Ecclesiaste$9(OLS)http://pul/title/187712 996 $6260$aRoma :$bCittą Nuova$9(OLS)http://pul/publisher/47927